Top 100 Baby Girl Names of the 2010's - Statistics

General Stats
  • This quiz has been taken 2,084 times
    1,761 since last reset
  • The average score is 55 of 100
Answer Stats
Rank Hint Answer % Correct
2 O Olivia
96%
1 E Emma
94%
8 E Emily
89%
4 I Isabella
88%
18 S Sofia
87%
3 S Sophia
87%
39 A Anna
83%
5 A Ava
83%
27 H Hannah
82%
14 E Ella
81%
11 E Elizabeth
80%
46 S Sarah
80%
9 C Charlotte
79%
19 G Grace
79%
12 A Amelia
78%
6 M Mia
78%
31 Z Zoe
78%
26 Z Zoey
78%
22 L Lily
77%
15 C Chloe
76%
86 K Khloe
76%
21 V Victoria
76%
13 E Evelyn
72%
10 M Madison
72%
7 A Abigail
71%
79 S Sophie
68%
16 H Harper
67%
23 N Natalie
64%
81 E Eva
63%
55 L Lucy
63%
36 A Aria
62%
17 A Avery
62%
52 E Ellie
62%
99 M Maria
62%
33 S Samantha
62%
54 A Alexa
61%
73 A Ashley
60%
84 K Katherine
60%
51 N Nora
60%
20 A Addison
59%
57 V Violet
59%
44 P Penelope
58%
96 A Alice
57%
40 A Allison
56%
95 A Alexandra
54%
43 H Hailey
54%
60 A Alexis
53%
35 L Leah
53%
25 L Lillian
53%
58 A Ariana
52%
56 A Arianna
52%
53 B Bella
52%
62 M Maya
52%
61 E Eleanor
51%
78 J Julia
51%
83 L Luna
51%
28 L Layla
50%
50 M Mila
50%
38 A Audrey
49%
97 K Kayla
49%
34 R Riley
49%
41 G Gabriella
48%
82 G Gianna
48%
74 B Brianna
47%
30 S Scarlett
47%
69 T Taylor
47%
63 C Caroline
46%
70 A Alyssa
45%
91 A Aubree
45%
24 A Aubrey
45%
92 M Madeline
45%
66 M Madelyn
45%
42 C Claire
44%
77 K Kylie
43%
87 R Ruby
43%
49 S Stella
43%
29 B Brooklyn
42%
37 S Savannah
42%
100 A Annabelle
41%
76 N Naomi
41%
85 H Hazel
40%
32 C Camila
38%
45 A Aaliyah
37%
94 F Faith
37%
93 A Aurora
35%
48 K Kaylee
34%
75 S Sadie
34%
80 M Mackenzie
33%
71 A Autumn
32%
98 J Jasmine
32%
64 P Peyton
32%
90 L Lydia
31%
72 P Paisley
30%
88 M Melanie
28%
89 P Piper
28%
68 K Kennedy
27%
65 S Skylar
26%
47 N Nevaeh
25%
59 G Genesis
21%
67 S Serenity
17%
No matching quizzes found
Score Distribution
Percent of People with Each Score
Percentile by Number Answered
Your Score History
You have not taken this quiz since the last reset